000 00363 a2200157 4500
001 75826
020 _a8570565887
040 _cAnchieta - Colégio São Paulo
100 _aLadeira, Julieta de Godoy
240 1 0 _aO jogo de não jogar
_lpor
245 1 0 _aO jogo de não jogar
300 _a51
362 0 _a2000
650 4 _aLiteratura infantil
942 _cBK
999 _c75826
_d75826